000 002630000a22000970004500
100 1 _aCousins, Peter
245 1 0 _aLuther's poor reform and christian liberty
300 _aVol. 6, Num. 2 (Diciembre, 1996), Páginas 263-276
773 0 _tVox Scripturae
942 _cANA
999 _c57123
_d57123